000
00211 a2200097 4500
001
27730
100
_a
Karanjia, R K
245
_a
The mind of a monarch
260
_a
_b
G Allen & Unwin
_c
090
_c
18511
_d
18511
942
_a
NUST-CAE
_c
M
_c
9460
999
_c
262803
_d
262803